Situation of Roma Minority in Czech, Hungary, Poland and Slovakia
| Other Authors: | |
|---|---|
| Format: | Book |
| Language: | English Polish Slovak Czech Hungarian |
| PhysicalDescription: | 542 s. ilustr. 24 cm |
| Published: |
Wrocław
Foundation of Social Integration Prom
2010
|
| ISBN: | 9788392835462 |
| Subjects: |
MARC
| LEADER | 00000nam a2200000 a 4500 | ||
|---|---|---|---|
| 001 | vtls010425672 | ||
| 003 | SK-MaSNL | ||
| 005 | 20260302045854.0 | ||
| 008 | 191130s2010 pl ac 000 0 eng | ||
| 015 | |a SNBZSA2013-00422 | ||
| 020 | |a 9788392835462 |q (brož.) | ||
| 035 | |a urn:nbn:sk:snk-am00a0yz | ||
| 035 | |a urn:nbn:sk:snk-am3hcnk | ||
| 035 | |a ECDFE272-9C6A-45C2-BB91-5A0EFE7C12D1 | ||
| 040 | |a SNK |b slo |c SNK |e AACR2 | ||
| 041 | 1 | |a eng |a pol |a slo |a cze |a hun |h pol |h slo |h cze |h hun | |
| 043 | |a e-pl--- |a e-xo--- |a e-xr--- |a e-hu--- | ||
| 044 | |a pl |c PL | ||
| 072 | 7 | |a 316.3 |x Globálne spoločnosti. Sociálna štruktúra. Sociálne skupiny |2 konspekt | |
| 080 | |a 94(=214.58) |2 2008 | ||
| 080 | |a 316.454.54(=214.58) |2 2008 | ||
| 080 | |a 364-78(=214.58) |2 2008 | ||
| 080 | |a (438) |2 2008 | ||
| 080 | |a (437.6) |2 2008 | ||
| 080 | |a (437.3) |2 2008 | ||
| 080 | |a (439) |2 2008 | ||
| 080 | |a (048.8:082) |2 2008 | ||
| 245 | 0 | 0 | |a Situation of Roma Minority in Czech, Hungary, Poland and Slovakia |c edited by Jaroslav Balvin, Łukasz Kwadrans ; [translation: Agnieszka Chmielewska] |
| 260 | |a Wrocław |b Foundation of Social Integration Prom |c 2010 | ||
| 300 | |a 542 s. |b ilustr. |c 24 cm | ||
| 504 | |a Obsahuje bibliografie a bibliografické odkazy | ||
| 546 | |a Čiast. slov., poľ. a čes. text, paralelné angl. preklady | ||
| 650 | 0 | 7 | |a Rómovia |x dejiny |2 snkph |9 13545 |
| 650 | 0 | 7 | |a Rómovia |x sociálne interakcie |2 snkph |9 545309 |
| 650 | 0 | 7 | |a Rómovia |x sociálna práca |2 snkph |9 545311 |
| 650 | 0 | 7 | |a Rómovia |z Poľsko |2 snkph |9 27690 |
| 650 | 0 | 7 | |a Rómovia |z Slovensko |2 snkph |9 365038 |
| 650 | 0 | 7 | |a Rómovia |z Česko |2 snkph |9 365036 |
| 650 | 0 | 7 | |a Rómovia |z Maďarsko |2 snkph |9 545310 |
| 655 | 7 | |a kolektívne monografie |2 snkph |9 249850 | |
| 700 | 1 | |a Balvín, Jaroslav, |d 1947- |4 red |9 304123 | |
| 700 | 1 | |a Kwadrans, Łukazs |4 red |9 703540 | |
| 700 | 1 | |a Chmielewska, Agnieszka |4 trl |9 542216 | |
| 919 | |a 978-83-928354-6-2 | ||
| 958 | |a ZS | ||
| 958 | |a PL | ||
| 958 | |a CZ | ||
| 958 | |a HU | ||
| 958 | |a NB | ||
| 999 | |c 1095082 |d 1097012 | ||
| 952 | |a SNK |b SNK |y PREZ |7 0 |p 17A1031021 |o snkSC 150215 |i snk2012/13232 |8 2 |g 10.00 |0 0 |1 0 |4 0 |d 2012-05-28 |f 1 |l 0 |r 2025-07-18 00:00:00 |w 2026-02-24 | ||


